000 00232nam a2200097Ia 4500
001 683282
005 20250826161435.0
008 250824s9999 xx 000 0 und d
245 0 _aCANFEDA
_cSİBEL ERASLAN
260 _bTİMAŞ YAYINLARI
999 _c683282
_d683282